AH International Schools' Libraries

The whistling tree / (Record no. 50086)

MARC details
000 -LEADER
fixed length control field 01644nam a2200229 4500
020 ## - INTERNATIONAL STANDARD BOOK NUMBER
International Standard Book Number 0974930393
020 ## - INTERNATIONAL STANDARD BOOK NUMBER
International Standard Book Number 9780439719674
020 ## - INTERNATIONAL STANDARD BOOK NUMBER
International Standard Book Number 9780974930398
Qualifying information (alk. paper)
100 1# - MAIN ENTRY--PERSONAL NAME
Personal name Penn, Audrey,
Relator term author.
9 (RLIN) 87101
245 14 - TITLE STATEMENT
Title The whistling tree /
Statement of responsibility, etc by Audrey Penn ; illustrated by Barbara Leonard Gibson.
260 ## - PUBLICATION, DISTRIBUTION, ETC. (IMPRINT)
Place of publication, distribution, etc Terre Haute, IN :
Name of publisher, distributor, etc Tanglewood Press,
Date of publication, distribution, etc 2006.
300 ## - PHYSICAL DESCRIPTION
Extent 1 v. (unpaged) ;
Dimensions 26 cm.
520 ## - SUMMARY, ETC.
Summary, etc When Penny inquires about a wooden headboard hand-carved by her great-grandfather, she learns, with the help of great-great-uncle, Johnny Elk, of her Cherokee heritage and the special gift The Great Spirit has bestowed upon her.<br/><br/>For months, Penny's dreams have been filled with melodious whistling, accompanied by twinkling lights. Then the mysterious whistling suddenly stops. When Penny goes searching for its source, she unexpectedly discovers her Cherokee roots--and a special gift that has been handed down to her. Lyrical and skillfully woven, Audrey Penn's latest tale recounts a child's delight in awakening to her heritage. Lavishly illustrated by Barbara Leonard Gibson, The Whistling Tree reminds us all how deeply the past and the present are intertwined.
650 ## - SUBJECT ADDED ENTRY--TOPICAL TERM
Topical term or geographic name as entry element Cherokee Indians
Form subdivision Juvenile fiction.
650 ## - SUBJECT ADDED ENTRY--TOPICAL TERM
Topical term or geographic name as entry element Cherokee Indians
Form subdivision Fiction.
650 ## - SUBJECT ADDED ENTRY--TOPICAL TERM
Topical term or geographic name as entry element Indians of North America
Geographic subdivision North Carolina
Form subdivision Fiction.
9 (RLIN) 87102
651 ## - SUBJECT ADDED ENTRY--GEOGRAPHIC NAME
Geographic name North Carolina
Form subdivision Fiction.
700 ## - ADDED ENTRY--PERSONAL NAME
Personal name Gibson, Barbara,
Relator term ill.
9 (RLIN) 87103
942 ## - ADDED ENTRY ELEMENTS (KOHA)
Source of classification or shelving scheme
Koha item type Book
Holdings
Withdrawn status Lost status Source of classification or shelving scheme Damaged status Not for loan Home library Current library Date acquired Total Checkouts Full call number Barcode Date last seen Price effective from Koha item type
          Logos International School Logos International School 01/15/2026   E PEN 040818 01/20/2026 01/15/2026 Book

For any Logos Library related questions please contact Miss Art at swongnarasuk@asianhope.org.

For any Asian Hope Library related questions please contact Miss Raza at graza@asianhope.org.

Click here to explore our ebooks!

Powered by Koha